| 000 | 00617nam a2200193Ia 4500 | ||
|---|---|---|---|
| 999 |
_c46171 _d46171 |
||
| 003 | GCL | ||
| 005 | 20240530104302.0 | ||
| 008 | 140319s9999 xx 000 0 ara d | ||
| 040 |
_aGCL / _cGCL |
||
| 082 | 0 | 4 |
_a219.1 _bس د |
| 100 | 1 | _aسهيلة زين العابدين حماد | |
| 245 | 1 | 0 |
_aدور المرأة المسلمة فى وضعنا الراهن / _cسهيلة زين العابدين حماد |
| 300 | _a61 ص | ||
| 650 | 0 | 4 | _aحقوق المرأة |
| 650 | 0 | 4 | _aالمرأة المسلمة |
| 650 | 0 | 4 | _aالمرأة فى الاسلام |
| 700 | 1 | _aالعابرين حماد | |
| 942 |
_2ddc _cBK |
||